000 00350pam a2200145 a 4500
020 _c
041 _h
082 _a750
_bHOS
100 _aRanjit Hoskote.
245 _aSabayala pilgn, Exile, sorcever
_bSabayala
_hTextual Documents
250 _a1998.
260 _a[s.l]:
_bEminence Designs Pvt. Bombay.
300 _a184:
_bHard.
930 _a2165
999 _c235955
_d235955